| 000 | 00600nam a2200217 a 4500 | ||
|---|---|---|---|
| 001 | 0001-2171 | ||
| 003 | ELIB.Books | ||
| 008 | 190802 2010 eng | ||
| 020 | _a1561790532 | ||
| 092 |
_a330 _bBlu |
||
| 100 | _aBlue, Ron and Jude. | ||
| 245 | _aA Woman Guide to Financial Peace of Mind | ||
| 260 |
_aPomona, California _bFocus on the Family Publishing _c1991 |
||
| 300 |
_a238 _c23cm |
||
| 650 | _aWomen-Finance, Personal | ||
| 856 |
_nKBTS Library _uKBTS Elib |
||
| 942 |
_2ddc _cBK |
||
| 990 | _a1 | ||
| 998 |
_aEnglishbooks.elf _ccat _e2019-08-02 |
||
| 999 |
_c12171 _d12171 |
||